000 00522nam a2200181Ia 4500
008 090123s9999 xx 000 0 und d
082 _b3076
100 _aखरात शंकरराव रा.
245 _aगावशिवं
250 _a1
260 _bसुलभ मु.
_c1972
300 _a158
600 _aखरात शंकरराव रा.
630 _aगावशिवं
700 _aखरात शंकरराव रा.
730 _aगावशिवं
942 _cBOOK
999 _c41156
_d41156